Country Quiz: South Africa 🇿🇦 - Statistics

General Stats
  • This quiz has been taken 50 times
  • The average score is 33 of 74
Answer Stats
Hint Answer % Correct
Between 1948-1994, South Africa was ruled by this racially oppressive system, where only whites were given human rights Apartheid
87%
From 1806 to its independence, South Africa was ruled by this European country United Kingdom
87%
Zulu
87%
English
84%
Founding Father and Most Famous Leader (1994-1999) Nelson Mandela
81%
Xhosa
81%
Language Afrikaans
77%
Cape Town
77%
Main Religion Christianity
77%
Namibia
77%
From 1652-1795, this European country colonised / ruled South Africa Netherlands
77%
Nationality South African
77%
Time zones 1 (UTC+2)
74%
Bloemfontein
74%
Elon Musk
74%
Football
74%
Lesotho
74%
Capital1. Administrative 2. Legislative (second-biggest city) 3. Judicial Pretoria
74%
Bordering Oceans Atlantic ocean
71%
Bordering Countries Botswana
71%
Mozambique
71%
National Sport Rugby
71%
Rugby
71%
ZA is the only country (so far) to have hosted the world cup in these three sports Cricket
68%
Zimbabwe
68%
Eswatini
65%
National Animal Springbok
61%
Top Trading Partner (2022) China
58%
Desmond Tutu
55%
Currency Rand
55%
Leader (2009-2017) Jacob Zuma
52%
One of ZA's most prominent tourist attractions is this mountain, situated south of Cape Town Table Mountain
52%
The 9 Provinces of South Africa Eastern Cape
48%
Western Cape
48%
Charlize Theron
42%
Free State
42%
Limpopo
42%
Pacific ocean
42%
Northern Cape
39%
Current leader (2018-) Cyril Ramaphosa
32%
Gauteng
32%
KwaZulu-Natal
32%
North West
32%
The largest bird in the world can be found here (hint: Kevin Hart is terrified of these birds) Ostrich
32%
Trevor Noah
32%
Tsonga
32%
Mpumalanga
29%
Ndebele
29%
Northern Sotho
29%
ZA is the only country (so far) to have voluntarily abolished its _______ ____ program Nuclear
29%
Sesotho
29%
ZA is the 7th largest (3.1% global share) producer of this mineral fuel Coal
26%
Venda
26%
The Bloukrans Bridge is the highest bridge in the world for.... Bungee Jumping
23%
State-Condition Republic
23%
Independence 1910
19%
Famous People from the country1. Cardiac surgeon who became the first to successfully perform a heart transplant 2. Hollywood actress (Monster, Fast and Furious, Hancock, Mad Max) 3. An archbishop and the second-most prominent leader for ZA's independence 4. The 12 year old boy who gave AIDS a human face in Africa 5. Owner of Tesla, X (twitter), SpaceX, Neuralink 6. Opponent of Apartheid 7. Former cricket player 8. Considered one of the greatest golf players of all time 9. Late night show host (2015-2022) 10. Hollywood actor (District 9, Elysium, A-Team (2010), Chappie, Oldboy) Christiaan Barnard
19%
Orange river
19%
Swati
19%
Main Economic Sector Tertiary / Selective
16%
Two-thirds of Africa’s is generated in South Africa. Electricity
13%
Setswana
13%
National Dish Bobotie
10%
Nkosi Johnson
10%
Steve Biko
10%
Main River Limpoporiver
6%
Tallest Mountain Mafadi
6%
Gary Player
3%
The largest reptile can be found ZA's waters Leatherback Turtle
3%
Climate Mixed
3%
Main Export Platinum / Gems
3%
Sharlto Copley
3%
The smallest mammal in the world resides in certain African countries, including ZA... The Least Dwarf Shrew
0%
Tony Greig
0%
No matching quizzes found
Score Distribution
Percent of People with Each Score
Percentile by Number Answered
Your Score History
You have not taken this quiz